000 00332nam a2200121Ia 4500
008 221007s9999 xx 000 0 und d
041 _aeng
082 _a646.72
_bSWA
100 _aSwami Ramdev Ji Maharaj
_996830
245 _aNih Santan Dampatiyon ke Liye
260 _c2009
_bMoser Baer (i) Limited
_aNoida,UP
906 _a6
_bGeneral
999 _c61272
_d61272